World Capitals Closest to Ankara - One Minute Sprint - Statistics

General Stats
  • This quiz has been taken 45 times
  • The average score is 11 of 20
Answer Stats
km capital miles % Correct
818 Athens 508
93%
854 Sofia 530
80%
776 Damascus 482
75%
932 Jerusalem 579
73%
530 Nicosia 330
65%
1263 Baghdad 785
63%
712 Beirut 442
63%
992 Yerevan 617
58%
1111 Tirana 691
55%
750 Bucharest 466
53%
987 Skopje 613
53%
1028 Tbilisi 639
53%
1186 Kiev 737
48%
930 Amman 578
45%
1154 Belgrade 717
43%
850 Chișinău 528
38%
1023 Pristina 636
38%
1109 Cairo 689
35%
1170 Podgorica 727
33%
917 Ramallah 570
8%
No matching quizzes found
Score Distribution
Percent of People with Each Score
Percentile by Number Answered
Your Score History
You have not taken this quiz